| 000 | 00783nam a22001937a 4500 | ||
|---|---|---|---|
| 003 | OSt | ||
| 005 | 20260318143259.0 | ||
| 008 | 260318b |||||||| |||| 00| 0 eng d | ||
| 040 | _c1 | ||
| 082 | _aDPer 372.21 C437 January-December 2024 v. 100 n. 1-6 | ||
| 100 |
_aMorris, Ronald V. _eauthor. _969894 |
||
| 245 |
_aCountering an Appalachian Arts Deserts With Music Camp / _cRonald V. Morris and Denise Shockley. |
||
| 260 |
_aWashington, D.C., USA. _bRoutledge Taylor & Francis Group _cJuly-August 2024 |
||
| 300 |
_aVolume 100, pages 50-55 ; _bIllustration ; _c27 cm. |
||
| 500 | _aChildhood Education Innovations, volume 100, no. 3, pages 50-55, July-August 2024. | ||
| 700 |
_aMorris, Ronald V. _eauthor. _969894 |
||
| 700 |
_aShockley, Denise. _eauthor. _969895 |
||
| 942 |
_2ddc _cPER |
||
| 999 |
_c24425 _d24425 |
||